Statistics for Alexander Pushkin Bibliography

Click here to take the quiz!

General Stats

  • This quiz has been taken 13 times
  • The average score is 6 of 33

Answer Stats

TypeYearName% Correct
Poem1825-1831Eugene Onegin
60%
Novel1836The Captain's Daughter
60%
Short Story1834The Queen of Spades
60%
Novel1841Dubrovsky
40%
Poem1820Ruslan and Ludmila
30%
Poem1833The Bronze Horseman
30%
Poem1829Poltava
20%
Short Story Collection1831The Belkin Tales
20%
Short Story1831The Blizzard
20%
Short Story1837The Egyptian Nights
20%
Poem1823The Fountain of Bakhchisaray
20%
Poem1824The Gypsies
20%
Short Story1831The Shot
20%
Play1830A Feast in Time of Plague
10%
Travelogue1836A Journey to Arzrum
10%
Poem1833Angelo
10%
Poem1825Count Nulin
10%
Short Story1834Kirdzhali
10%
Play1830Mozart and Salieri
10%
Poem1821The Gabrieliad
10%
Poem1830The Little House in Kolomna
10%
Play Collection1830The Little Tragedies
10%
Play1830The Miserly Knight
10%
Novel1828The Moor of Peter the Great
10%
Poem1820-1821The Prisoner of the Caucasus
10%
Poem1821-1822The Robber Brothers
10%
Short Story1831The Squire's Daughter
10%
Short Story1831The Stationmaster
10%
Play1830The Stone Guest
10%
Short Story1837The Story of the Village of Goryukhino
10%
Short Story1831The Undertaker
10%
Play1825Boris Gundunov
0%
Non-Fiction Book1834The History of Pugachev
0%

Score Distribution

Percentile by Number Answered

Percent of People with Each Score

Your Score History

You have not taken this quiz